000 00528nam a2200193Ia 4500
008 120827t1947 xxu||||| |||| 00| 0 sin d
041 _asin
080 _a8 S. 03 : 891. 44 -31
_bTAG
100 _aTagor,Rabindranath
245 _aමාධවදත්ත
246 _aMadhavadaththa
260 _a
_c1947
300 _b28p, 21 cm
500 _aSinhalese Translation of Rabindranath Tagor's of Post Office
700 _aMaghnnu Sir Himi
_etr.
942 _cBK
999 _c39324
_d39324
003 LK-CoDNM
040 _aLK-CoDNM
_dLK-CoDNM
_eLK-CoDNM